| 000 | 00360nam a22001457a 4500 | ||
|---|---|---|---|
| 999 |
_c7919 _d7919 |
||
| 003 | OSt | ||
| 005 | 20200603164002.0 | ||
| 008 | 200603b ||||| |||| 00| 0 eng d | ||
| 020 | _a9788977483293 | ||
| 082 |
_a747.2519 _bJEO |
||
| 100 | _aJEONG, JI-SEONG | ||
| 245 | _aINTERIOR DESIGN ANNUAL 6 - ANNUAL + DETAIL | ||
| 260 |
_aKorea _bCA PRESS _c2008 |
||
| 942 | _2ddc | ||